000 00436nam a2200133Ia 4500
008 100328s9999 xx 000 0 und d
082 _b64255
100 _aनाईक गुरुनाथ.
245 _aखतरनाक थ्री स्टार.
260 _bमनोरमा.
630 _aखतरनाक थ्री स्टार.
730 _aखतरनाक थ्री स्टार.
942 _cBOOK
999 _c550057
_d550054